Our Bible / (Record no. 196)
[ view plain ]
| 000 -LEADER | |
|---|---|
| fixed length control field | 01127cam a2200301Ia 4500 |
| 001 - CONTROL NUMBER | |
| control field | 11850 |
| 003 - CONTROL NUMBER IDENTIFIER | |
| control field | GBCCL |
| 005 - DATE AND TIME OF LATEST TRANSACTION | |
| control field | 20241126110332.0 |
| 008 - FIXED-LENGTH DATA ELEMENTS--GENERAL INFORMATION | |
| fixed length control field | 780222s1898 iluh b 00010 eng d |
| 035 ## - SYSTEM CONTROL NUMBER | |
| System control number | OCM03660505 |
| 040 ## - CATALOGING SOURCE | |
| Original cataloging agency | BCT |
| Transcribing agency | BCT |
| Modifying agency | m.c. |
| -- | LBB |
| 049 ## - | |
| -- | LBBK |
| -- | LBBA |
| 082 ## - DEWEY DECIMAL CLASSIFICATION NUMBER | |
| Classification number | 220.12 |
| Item number | LEA |
| 090 ## - LOCALLY ASSIGNED LC-TYPE CALL NUMBER (OCLC); LOCAL CALL NUMBER (RLIN) | |
| Classification number (OCLC) (R) ; Classification number, CALL (RLIN) (NR) | BS445 |
| Local cutter number (OCLC) ; Book number/undivided call number, CALL (RLIN) | .L36 |
| 092 ## - LOCALLY ASSIGNED DEWEY CALL NUMBER (OCLC) | |
| Item number | L434 |
| 100 1# - MAIN ENTRY--PERSONAL NAME | |
| Personal name | Leach, Charles, |
| Dates associated with a name | 1847- |
| 9 (RLIN) | 10426 |
| 245 10 - TITLE STATEMENT | |
| Title | Our Bible / |
| Statement of responsibility, etc. | by Charles Leach, R. A. Torrey. |
| 260 ## - PUBLICATION, DISTRIBUTION, ETC. | |
| Place of publication, distribution, etc. | Chicago, [Ill.] : |
| Name of publisher, distributor, etc. | Moody Press, |
| Date of publication, distribution, etc. | c1898. |
| 300 ## - PHYSICAL DESCRIPTION | |
| Extent | 132 p. : |
| Other physical details | facsims. ; |
| Dimensions | 18 cm. |
| 490 0# - SERIES STATEMENT | |
| Series statement | The Moody colportage library ; |
| Volume/sequential designation | 64 |
| 504 ## - BIBLIOGRAPHY, ETC. NOTE | |
| Bibliography, etc. note | Includes bibliographical references. |
| 505 0# - FORMATTED CONTENTS NOTE | |
| Formatted contents note | Leach, C. How we got it: The New Testament. The Old Testament. Our English Bible.--Torrey, R. A. Ten reasons why I believe the Bible is the word of God. |
| 630 00 - SUBJECT ADDED ENTRY--UNIFORM TITLE | |
| Uniform title | Bible |
| General subdivision | History. |
| 9 (RLIN) | 1573 |
| 630 00 - SUBJECT ADDED ENTRY--UNIFORM TITLE | |
| Uniform title | Bible |
| General subdivision | Evidences, authority, etc. |
| 9 (RLIN) | 351 |
| 700 1# - ADDED ENTRY--PERSONAL NAME | |
| Personal name | Torrey, R. A. |
| Fuller form of name | (Reuben Archer), |
| Dates associated with a name | 1856-1928. |
| 9 (RLIN) | 598 |
| 700 1# - ADDED ENTRY--PERSONAL NAME | |
| Personal name | Torrey, R. A. |
| Fuller form of name | (Reuben Archer), |
| Dates associated with a name | 1856-1928. |
| Title of a work | Ten reasons why I believe the Bible is the word of God. |
| 9 (RLIN) | 10427 |
| 942 ## - ADDED ENTRY ELEMENTS (KOHA) | |
| Source of classification or shelving scheme | Dewey Decimal Classification |
| Koha item type | Books |
| Koha issues (borrowed), all copies | 3 |
| Withdrawn status | Lost status | Source of classification or shelving scheme | Damaged status | Not for loan | Home library | Current Library | Shelving location | Date acquired | Total checkouts | Full call number | Barcode | Date last seen | Date last checked out | Copy number | Price effective from | Koha item type |
|---|---|---|---|---|---|---|---|---|---|---|---|---|---|---|---|---|
| Dewey Decimal Classification | GRACE BIBLE COLLEGE | GRACE BIBLE COLLEGE | Biblical Studies | 2016-06-02 | 3 | 220.12 LEA | 004369 | 2025-05-01 | 2023-12-09 | c.1 | 2016-06-02 | Books |